<?xml version="1.0" encoding="UTF-8"?>
<record
    xmlns:xsi="http://www.w3.org/2001/XMLSchema-instance"
    xsi:schemaLocation="http://www.loc.gov/MARC21/slim http://www.loc.gov/standards/marcxml/schema/MARC21slim.xsd"
    xmlns="http://www.loc.gov/MARC21/slim">

  <leader>00888nas a22002057i 4500</leader>
  <controlfield tag="001">5819</controlfield>
  <controlfield tag="003">OSt</controlfield>
  <controlfield tag="005">20170126082350.0</controlfield>
  <controlfield tag="007">tu</controlfield>
  <controlfield tag="008">161220s        xxu||||| |||| 00| 0     d</controlfield>
  <datafield tag="022" ind1=" " ind2=" ">
    <subfield code="a">0043-2652</subfield>
  </datafield>
  <datafield tag="024" ind1="7" ind2=" ">
    <subfield code="a">5819</subfield>
    <subfield code="2">RID</subfield>
  </datafield>
  <datafield tag="024" ind1="7" ind2=" ">
    <subfield code="a">5819</subfield>
    <subfield code="2">RSN (alt)</subfield>
  </datafield>
  <datafield tag="040" ind1=" " ind2=" ">
    <subfield code="c">OSt</subfield>
  </datafield>
  <datafield tag="100" ind1="1" ind2=" ">
    <subfield code="a">Siebert, Horst</subfield>
    <subfield code="e">Ed.</subfield>
  </datafield>
  <datafield tag="245" ind1="0" ind2="0">
    <subfield code="a">Die Weltwirtschaft</subfield>
    <subfield code="b">Vierteljahreszeitschrift des Instituts f&#xFC;r Weltwirtschaft an der Universit&#xE4;t Kiel</subfield>
  </datafield>
  <datafield tag="260" ind1=" " ind2=" ">
    <subfield code="a">T&#xFC;bingen :</subfield>
    <subfield code="b">Mohr Siebeck.</subfield>
  </datafield>
  <datafield tag="866" ind1=" " ind2="0">
    <subfield code="u">1989/1 - 1997/2, 2000/3 (unvollst&#xE4;ndig)</subfield>
  </datafield>
  <datafield tag="866" ind1=" " ind2="0">
    <subfield code="u">Best&#xE4;nde unvollst&#xE4;ndig&lt;br&gt;&lt;br&gt;vorhanden:&lt;br&gt;1989/1,2&lt;br&gt;1990/1&lt;br&gt;1991/1,2&lt;br&gt;1992/1,3 + Bericht&lt;br&gt;1993/1,2,4 + Bericht&lt;br&gt;1994/1-4&lt;br&gt;1995/1&lt;br&gt;1996/1,2&lt;br&gt;1997/2&lt;br&gt;2000/3&lt;br&gt;&lt;br&gt;fehlende Best&#xE4;nde:&lt;br&gt;1989/3-4&lt;br&gt;1990/2-4&lt;br&gt;1991/3-4&lt;br&gt;1992/2,4&lt;br&gt;1993/3&lt;br&gt;1995/2-4&lt;br&gt;1996/3-4&lt;br&gt;1997/1,3-4&lt;br&gt;1998/1-4&lt;br&gt;1999/1-4&lt;br&gt;2000/1-2,4</subfield>
  </datafield>
  <datafield tag="942" ind1=" " ind2=" ">
    <subfield code="c">J</subfield>
  </datafield>
  <datafield tag="999" ind1=" " ind2=" ">
    <subfield code="c">5548</subfield>
    <subfield code="d">5548</subfield>
  </datafield>
  <datafield tag="952" ind1=" " ind2=" ">
    <subfield code="0">0</subfield>
    <subfield code="1">0</subfield>
    <subfield code="4">0</subfield>
    <subfield code="7">0</subfield>
    <subfield code="a">BIB</subfield>
    <subfield code="b">BIB</subfield>
    <subfield code="c">1</subfield>
    <subfield code="d">2004-08-04</subfield>
    <subfield code="i">5819</subfield>
    <subfield code="l">0</subfield>
    <subfield code="p">10001065</subfield>
    <subfield code="r">2017-01-26 00:00:00</subfield>
    <subfield code="w">2017-01-26</subfield>
    <subfield code="y">J</subfield>
  </datafield>
</record>
